000 00680nam a2200241Ia 4500
003 OSt
005 20220925220731.0
006 a|||||r|||| 00| 0
007 ta
008 220923b |||||||| |||| 00| 0 eng d
020 _a0333286170
037 _cGeneral Book
040 _aRTL
_cRTL
_beng
041 _2eng
_aeng
082 _aX64:75.43.N8, M2
100 _aLee S Y
_9285250
245 0 _aFinancial structures and monetary policies in Southeast Asia
260 _aLondon
_bMacmillan
_c1982
300 _axiv, 338p
_ccm.
700 _a Jao Y C
_9285251
942 _hX64:75.43.N8, M2
_cGB
_2CC
999 _c572263
_d572263